Tipos de Brunelliaceae, Cunoniaceae y Rosaceae en el herbario nacional colombiano (Registro nro. 15268)

Detalles MARC
000 -CABECERA
Campo de control 004200000a22001330004500
090 ## - CLASIFICACIÓN LOCAL
Colección AS
Consecutivo Seriadas
041 0# - IDIOMA
Código de idioma para texto/pista de sonido o título separado
100 1# - ASIENTO PRINCIPAL--NOMBRE PERSONAL
Nombre personal Forero, Enrique
245 10 - MENCION DE TITULO
Título Tipos de Brunelliaceae, Cunoniaceae y Rosaceae en el herbario nacional colombiano
700 1# - ASIENTO SECUNDARIO - NOMBRE PERSONAL
Nombre personal Piñeros, Zulma
700 1# - ASIENTO SECUNDARIO - NOMBRE PERSONAL
Nombre personal Barbosa, César
773 1# - Item fuente:
Título Mutisia: Acta Botánica Colombiana
Especificación de materiales 893
Descripción física 44
Paginas del Articulo 1-8
Lugar, editorial y fecha de publicación 1977
942 ## - ELEMENTOS ADICIONALES (KOHA)
Tipo de ítem Artículo

No hay ítems disponibles.